01321nam a2200349Ia 4500001001200000003000800012006001900020007001500039008004100054010001700095020001800112020001800130020003300148040002100181035002100202050002400223082001200247100001900259245010300278250001200381260005200393300001500445440003400460504006600494533015200560650004400712650002400756655002900780710001700809856012600826999001900952ebr10597900CaPaEBRm u cr cn|||||||||930609s1993 gw sb 001 0 eng d z 93005308  z9783110141313 z9783110884166 z3110141310 (acid-free paper) aCaPaEBRcCaPaEBR a(OCoLC)81550685314aP158.2b.C49 1993eb04a4152201 aChomsky, Noam.10aLectures on government and bindingh[electronic resource] :bthe Pisa lectures /cby Noam Chomsky. a7th ed. aBerlin ;aNew York :bMouton de Gruyter,c1993. aix, 371 p. 0aStudies in generative grammar aIncludes bibliographical references (p. [347]-354) and index. aElectronic reproduction.bPalo Alto, Calif. :cebrary,d2011.nAvailable via World Wide Web.nAccess may be limited to ebrary affiliated libraries. 0aGovernment-binding theory (Linguistics) 0aGenerative grammar. 7aElectronic books.2local2 aebrary, Inc.40uhttp://site.ebrary.com/lib/rucke/Doc?id=10597900zAn electronic book accessible through the World Wide Web; click to view c212727d212727